| 000 | 00688nam a22002057a 4500 | ||
|---|---|---|---|
| 003 | OSt | ||
| 005 | 20251024013940.0 | ||
| 008 | 251010b |||||||| |||| 00| 0 eng d | ||
| 020 | _a13:978-0-205-43082-6. | ||
| 040 |
_aDWCL-Main lib _cOC |
||
| 082 | _aCirc. 418.0071 H824b 2008 | ||
| 100 | _aHorwitz, Elaine Kolker | ||
| 245 |
_aBecoming a language teacher : _ba practical guide to second language learning and teaching |
||
| 260 |
_aBoston : _bPearson Educ., Inc., _cc2008. |
||
| 300 |
_axii, 260 pages ; _c23 cm. |
||
| 504 | _aIncludes index. | ||
| 650 | _21. Language and languages-Study and teaching. | ||
| 650 | _22. Second language acquisition. | ||
| 942 |
_2ddc _cBK-CIRC _kCirc. _n0 |
||
| 999 |
_c4791 _d4791 |
||